Basic laboratory skills, Vol. 2 / (Record no. 51325)

MARC details
000 -LEADER
fixed length control field 00512nam a2200193Ia 4500
005 - DATE AND TIME OF LATEST TRANSACTION
control field 20260429111909.0
008 - FIXED-LENGTH DATA ELEMENTS--GENERAL INFORMATION
fixed length control field 260429s9999||||xx |||||||||||||| ||und||
020 ## - INTERNATIONAL STANDARD BOOK NUMBER
International Standard Book Number 9789358872187
041 ## - LANGUAGE CODE
Language English
082 ## - DEWEY DECIMAL CLASSIFICATION NUMBER
Classification number 542.1
Item number KUM
100 ## - MAIN ENTRY--PERSONAL NAME
Personal name Kumar, Suresh
245 #0 - TITLE STATEMENT
Title Basic laboratory skills, Vol. 2 /
Statement of responsibility, etc Suresh Kumar
260 ## - PUBLICATION, DISTRIBUTION, ETC. (IMPRINT)
Place of publication, distribution, etc New Delhi :
Name of publisher, distributor, etc Nipa,
Date of publication, distribution, etc 2024.
300 ## - PHYSICAL DESCRIPTION
Extent xvi, 282 p.; hb
440 ## - SERIES STATEMENT/ADDED ENTRY--TITLE
Title The protocol series
Volume number/sequential designation Vol. 2
650 ## - SUBJECT ADDED ENTRY--TOPICAL TERM
Topical term or geographic name as entry element Laboratory skills
650 ## - SUBJECT ADDED ENTRY--TOPICAL TERM
Topical term or geographic name as entry element Chemistry
942 ## - ADDED ENTRY ELEMENTS (KOHA)
Koha item type Text Books
Holdings
Withdrawn status Lost status Damaged status Not for loan Collection code Home library Location Shelving location Date of Cataloging Source of acquisition Total Checkouts Full call number Barcode Date last seen Price effective from Koha item type
        Non-fiction CUTN Central Library CUTN Central Library Sciences 29/04/2026 Shanti Books, Chennai - Invoice No. 3100 on 09-02-2026   542.1 KUM 56270 29/04/2026 29/04/2026 Text Books